Financial and managerial accounting. / (Record no. 9349)
[ view plain ]
| 000 -LEADER | |
|---|---|
| fixed length control field | 02243cam a22003737a 4500 |
| 001 - CONTROL NUMBER | |
| control field | 16566263 |
| 003 - CONTROL NUMBER IDENTIFIER | |
| control field | OSt |
| 005 - DATE AND TIME OF LATEST TRANSACTION | |
| control field | 20221212110829.0 |
| 008 - FIXED-LENGTH DATA ELEMENTS--GENERAL INFORMATION | |
| fixed length control field | 101203t20122009ohua 001 0 eng |
| 010 ## - LIBRARY OF CONGRESS CONTROL NUMBER | |
| LC control number | 2010942304 |
| 020 ## - INTERNATIONAL STANDARD BOOK NUMBER | |
| International Standard Book Number | 9781285868820 (instructor's ed. : hbk.) |
| 020 ## - INTERNATIONAL STANDARD BOOK NUMBER | |
| International Standard Book Number | 128586882X (instructor's ed. : hbk.) |
| 040 ## - CATALOGING SOURCE | |
| Original cataloging agency | DLC |
| Language of cataloging | eng |
| Transcribing agency | LC |
| Modifying agency | OCLCQ |
| -- | DLC |
| 050 00 - LIBRARY OF CONGRESS CALL NUMBER | |
| Classification number | HF5636.W33 |
| 100 1# - MAIN ENTRY--PERSONAL NAME | |
| Personal name | Warren, Carl S. |
| 9 (RLIN) | 844 |
| 245 10 - TITLE STATEMENT | |
| Title | Financial and managerial accounting. / |
| Statement of responsibility, etc. | Carl S. Warren, James M. Reeve, Jonathan E. Duchac. |
| 246 14 - VARYING FORM OF TITLE | |
| Title proper/short title | Financial & managerial accounting |
| 250 ## - EDITION STATEMENT | |
| Edition statement | 13th ed. |
| 264 #1 - PRODUCTION, PUBLICATION, DISTRIBUTION, MANUFACTURE, AND COPYRIGHT NOTICE | |
| Place of production, publication, distribution, manufacture | Mason, Ohio: |
| Name of producer, publisher, distributor, manufacturer | Cengage Learning, |
| Date of production, publication, distribution, manufacture, or copyright notice | 2014. |
| 300 ## - PHYSICAL DESCRIPTION | |
| Extent | xxxii, 1280 p. + (variuos pagings): |
| Other physical details | color illustrations ; |
| Dimensions | 29 cm |
| 336 ## - CONTENT TYPE | |
| Content type term | text |
| Content type code | txt |
| Source | rdacontent |
| 337 ## - MEDIA TYPE | |
| Media type term | unmediated |
| Media type code | n |
| Source | rdamedia |
| 338 ## - CARRIER TYPE | |
| Carrier type term | volume |
| Carrier type code | nc |
| Source | rdacarrier |
| 500 ## - GENERAL NOTE | |
| General note | Includes indexes. |
| 505 ## - FORMATTED CONTENTS NOTE | |
| Formatted contents note | Contents: Introduction to accounting and business -- Analyzing transaction -- The adjusting process -- Completing the accounting cycle -- Accounting for merchandising businesses -- Inventories -- Sarbanes-Oxley, internal control and cash -- Receivables -- Fixed assets and intangible assets -- Current liability and payroll -- Corporations: Organization, stock transactions, and dividends -- Long-term liabilities: bonds and notes -- Investments and fair value accounting -- Statements of cash flows -- Financial statement analysis -- Managerial accounting concepts and principles -- Job order costing -- Process cost systems -- Cost behavior and cost-volume-profit analysis -- Variable costing for management analysis -- budgeting -- Performance Evaluation using variances from standard costs -- Performance evaluation for decentralized operations -- Differential analysis and product pricing -- Capital investment analysis -- Cost allocation and activity-based costing -- Cost management for just-in-time environments |
| 650 #0 - SUBJECT ADDED ENTRY--TOPICAL TERM | |
| Topical term or geographic name entry element | Accounting. |
| 9 (RLIN) | 62 |
| 650 #0 - SUBJECT ADDED ENTRY--TOPICAL TERM | |
| Topical term or geographic name entry element | Managerial accounting. |
| 9 (RLIN) | 39 |
| 650 #7 - SUBJECT ADDED ENTRY--TOPICAL TERM | |
| Topical term or geographic name entry element | Accounting. |
| 9 (RLIN) | 62 |
| 650 #7 - SUBJECT ADDED ENTRY--TOPICAL TERM | |
| Topical term or geographic name entry element | Managerial accounting. |
| 9 (RLIN) | 39 |
| 700 1# - ADDED ENTRY--PERSONAL NAME | |
| Personal name | Reeve, James M., |
| 9 (RLIN) | 845 |
| 700 1# - ADDED ENTRY--PERSONAL NAME | |
| Personal name | Duchac, Jonathan E. |
| 9 (RLIN) | 846 |
| 906 ## - LOCAL DATA ELEMENT F, LDF (RLIN) | |
| a | 7 |
| b | cbc |
| c | orignew |
| d | 3 |
| e | ncip |
| f | 20 |
| g | y-gencatlg |
| 942 ## - ADDED ENTRY ELEMENTS (KOHA) | |
| Source of classification or shelving scheme | Library of Congress Classification |
| Koha item type | Books |
| Withdrawn status | Lost status | Source of classification or shelving scheme | Damaged status | Not for loan | Home library | Current library | Shelving location | Date acquired | Full call number | Barcode | Date last seen | Koha item type |
|---|---|---|---|---|---|---|---|---|---|---|---|---|
| Library of Congress Classification | WISCONSIN INTERNATIONAL UNIVERSITY COLLEGE, GHANA KUMASI LIBRARY | WISCONSIN INTERNATIONAL UNIVERSITY COLLEGE, GHANA KUMASI LIBRARY | General Stacks | 04/11/2019 | HF5635.W25(13e) | K/1215/1215/19 | 12/12/2022 | Books |
